Sistem ultra minda ESP Jose Silva : perubahan minda menuju kejayaan

Bibliographic Details
Main Author: Bernd, Ed, , 1940-
Format: Book
Published: Petaling Jaya : Golden Books Centre , 2003
Subjects:

MARC

LEADER 00000cam a2200000 7i4500
001 0000003316
005 20050823.0
020 0 0 |a 9837205105 
090 0 0 |a 158.1   |b BER 
100 1 0 |a Bernd, Ed, ,   |d 1940- 
245 1 0 |a Sistem ultra minda ESP Jose Silva :   |b perubahan minda menuju kejayaan   |c Ed Bernd, JR 
260 0 0 |a Petaling Jaya :   |b Golden Books Centre ,   |c 2003 
300 |a xx, 375ms. ;   |c 22cm. 
500 0 0 |a Juga diterbitkan dalam bahasa Inggeris 
650 0 0 |a Health   |x Psychological aspects 
650 0 0 |a Interpersonal relations   |x Psychological aspects 
650 0 0 |a Mental suggestion 
650 0 0 |a Self-actualization (Psychology) 
650 0 0 |a Silva Mind Control 
999 |a 0000006328   |b Monograph   |c Open Shelf   |e Default branch